[Event "50th World U20 ch"]
[Site "Chennai IND"]
[Date "2011.08.07"]
[Round "6.52"]
[White "Abhilash Reddy, M. L."]
[Black "Kathmale, Sameer"]
[Result "1-0"]
[WhiteElo "2109"]
[BlackElo "2211"]
[EventDate "2011.08.02"]
[PlyCount "85"]

1.d4 Nf6 2.Nc3 d5 3.Bg5 g6 4.Qd2 h6 5.Bxf6 exf6 6.e4 dxe4 7.Nxe4 f5 8.Nc3 
c6 9.O-O-O Bg7 10.Qe1+ Qe7 11.Bc4 Be6 12.Bxe6 fxe6 13.Nf3 Nd7 14.Qe3 O-O 
15.Rhe1 Rfe8 16.Ne5 g5 17.Nxd7 Qxd7 18.f4 Rad8 19.Ne2 g4 20.Qb3 Qd5 21.
Qxd5 Rxd5 22.c3 Kf7 23.Ng3 Red8 24.Nf1 R5d7 25.Rd2 c5 26.dxc5 Bf8 27.b4 b6
28.cxb6 axb6 29.Kc2 Bd6 30.g3 b5 31.a3 Rc8 32.Kb3 Rc6 33.Ne3 Rdc7 34.Rc2 
Kf6 35.c4 bxc4+ 36.Rxc4 h5 37.Rxc6 Rxc6 38.Nc4 Bb8 39.a4 h4 40.a5 Rc8 41.
b5 Rd8 42.Kc3 Rd5 43.b6 1-0

[Event "50th World U20 ch"]
[Site "Chennai IND"]
[Date "2011.08.07"]
[Round "6.53"]
[White "Gusain, Himal"]
[Black "Barbier, Sigiswald"]
[Result "1-0"]
[WhiteElo "2208"]
[BlackElo "2088"]
[EventDate "2011.08.02"]
[PlyCount "79"]

1.e4 c5 2.Nf3 g6 3.d4 cxd4 4.Nxd4 Nc6 5.c4 Nf6 6.Nc3 d6 7.Be2 Nxd4 8.Qxd4 
Bg7 9.Be3 O-O 10.Qd2 Be6 11.Rc1 Qa5 12.O-O Rfc8 13.b3 a6 14.f3 b5 15.cxb5 
axb5 16.Rc2 Bd7 17.Rfc1 b4 18.Na4 Rxc2 19.Rxc2 Bxa4 20.bxa4 Qxa4 21.Rc7 e6
22.Bc4 Ne8 23.Bb3 Qb5 24.Rc4 Bc3 25.Qc2 Qb7 26.a4 Rc8 27.a5 Rxc4 28.Bxc4 
Nc7 29.Qa4 Na6 30.Bh6 Bd4+ 31.Kh1 Nc7 32.Qd7 Qb8 33.Qxd6 Bg7 34.Bf4 e5 35.
Bc1 b3 36.Bb2 h5 37.Qxg6 Qe8 38.Bxb3 Qb5 39.Bxf7+ Kf8 40.Ba3+ 1-0

[Event "50th World U20 ch"]
[Site "Chennai IND"]
[Date "2011.08.07"]
[Round "6.54"]
[White "Manigandan, S. S."]
[Black "Lokesh, P."]
[Result "1/2-1/2"]
[WhiteElo "2109"]
[BlackElo "2194"]
[EventDate "2011.08.02"]
[PlyCount "86"]

1.d4 Nf6 2.c4 c5 3.d5 e6 4.Nc3 exd5 5.cxd5 d6 6.e4 g6 7.Nf3 Bg7 8.Bc4 O-O 
9.O-O Ng4 10.h3 Ne5 11.Nxe5 Bxe5 12.f4 Bd4+ 13.Kh1 f5 14.Nb5 fxe4 15.Nxd4 
cxd4 16.Qxd4 Qe7 17.Bd2 h5 18.Bc3 Bf5 19.Rae1 Nd7 20.Qh8+ Kf7 21.Qg7+ Ke8 
22.Qxe7+ Kxe7 23.g4 hxg4 24.hxg4 Bxg4 25.Rxe4+ Kd8 26.Kg2 Bf5 27.Re3 Nb6 
28.Bb3 Re8 29.Rfe1 Rxe3 30.Rxe3 Kd7 31.a4 Re8 32.Rxe8 Kxe8 33.Kf3 Bd3 34.
a5 Nd7 35.Ke3 Bf5 36.Ba4 Kd8 37.Kd4 Nc5 38.Bd1 Ne4 39.Be1 Kc7 40.b4 Nf6 
41.Bh4 Nd7 42.Be7 b6 43.axb6+ Nxb6 1/2-1/2

[Event "50th World U20 ch"]
[Site "Chennai IND"]
[Date "2011.08.07"]
[Round "6.55"]
[White "Mithil, Ajgaonkar"]
[Black "Prasannaa, S."]
[Result "1-0"]
[WhiteElo "2130"]
[BlackElo "2032"]
[EventDate "2011.08.02"]
[PlyCount "85"]

1.d4 Nf6 2.c4 c5 3.d5 b5 4.cxb5 a6 5.bxa6 g6 6.Nc3 Bxa6 7.e4 Bxf1 8.Kxf1 
d6 9.Nf3 Nbd7 10.g3 Bg7 11.Kg2 O-O 12.Re1 Qa5 13.h3 Rfb8 14.Re2 Ne8 15.Rc2
Nc7 16.Bg5 Qa6 17.Rac1 h6 18.Bf4 Nb5 19.Nxb5 Qxb5 20.b3 Ra3 21.Qe2 g5 22.
Be3 Qxe2 23.Rxe2 Nf6 24.Rcc2 Rb4 25.Rxc5 Nxe4 26.Rc8+ Kh7 27.Bc1 Ra5 28.a3
Rxb3 29.Rxe4 Bf6 30.Nd4 Rb1 31.Nf5 Rxd5 32.Nxe7 Rd1 33.Ng8 Bg7 34.Be3 d5 
35.Re7 d4 36.Bxd4 Bxd4 37.Rxf7+ Kg6 38.Rf3 Rb7 39.Rc6+ Kg7 40.Nxh6 Be5 41.
Nf5+ Kh7 42.Rh6+ Kg8 43.Re3 1-0

[Event "50th World U20 ch"]
[Site "Chennai IND"]
[Date "2011.08.07"]
[Round "6.56"]
[White "Visakh, N. R."]
[Black "Mastalerz, Xavier"]
[Result "0-1"]
[WhiteElo "2042"]
[BlackElo "2129"]
[EventDate "2011.08.02"]
[PlyCount "64"]

1.e4 e6 2.Qe2 Be7 3.d3 d5 4.Nd2 Nf6 5.g3 b6 6.Bg2 Bb7 7.Ngf3 c5 8.O-O Qc7 
9.Re1 Nc6 10.e5 Nd7 11.Nf1 h6 12.h4 O-O-O 13.N1h2 Rdg8 14.h5 g6 15.hxg6 
Rxg6 16.Bf4 Rhg8 17.c3 h5 18.Bh3 h4 19.g4 f5 20.g5 Bxg5 21.Bxg5 Rxg5+ 22.
Nxg5 Rxg5+ 23.Kf1 Ncxe5 24.f4 Rg3 25.fxe5 Rxh3 26.d4 Nb8 27.Kg2 Qg7+ 28.
Kh1 Ba6 29.Qd2 Bd3 30.dxc5 bxc5 31.c4 d4 32.Qa5 Qb7+ 0-1

[Event "50th World U20 ch"]
[Site "Chennai IND"]
[Date "2011.08.07"]
[Round "6.57"]
[White "Herman, Jean"]
[Black "Santos, Hugo Lima"]
[Result "0-1"]
[WhiteElo "2105"]
[BlackElo "2078"]
[EventDate "2011.08.02"]
[PlyCount "117"]

1.d4 d5 2.c4 e6 3.Nc3 Nf6 4.Nf3 Nbd7 5.e3 b6 6.cxd5 exd5 7.Bb5 Bb7 8.O-O 
a6 9.Ba4 Bd6 10.Bc2 O-O 11.b3 Re8 12.Bb2 c5 13.dxc5 bxc5 14.Ne2 Nf8 15.Ng3
Rc8 16.Qd3 Ne4 17.Nf5 c4 18.bxc4 dxc4 19.Qe2 c3 20.Rad1 cxb2 21.Bxe4 Bxe4 
22.Nxd6 b1=Q 23.Nxe8 Qbxd1 24.Rxd1 Qxe8 25.Qxa6 Bxf3 26.gxf3 Qe6 27.Qe2 
Qh3 28.f4 Ng6 29.Qd3 h6 30.Qd7 Qxd7 31.Rxd7 Ra8 32.Rd2 Ne7 33.Kg2 Nc6 34.
Rb2 f5 35.Kf3 Kf7 36.Rb7+ Ne7 37.Rb2 Nd5 38.Rb5 Ke6 39.Rb7 Kf6 40.Rb5 Nc3 
41.Rb6+ Kf7 42.Rb7+ Kg6 43.Rb6+ Kh5 44.Rb7 g6 45.Rc7 Nxa2 46.Kg3 Ra3 47.
Kf3 Nc3 48.Rc6 Ne4 49.Rc2 Rc3 50.Ra2 Rd3 51.Ke2 Rd6 52.Rc2 Kh4 53.f3 Nf6 
54.Ke1 Kh3 55.Ra2 Re6 56.Re2 Nd5 57.Kd2 Rxe3 58.Rxe3 Nxe3 59.Kxe3 0-1

[Event "50th World U20 ch"]
[Site "Chennai IND"]
[Date "2011.08.07"]
[Round "6.62"]
[White "Bryan-Vissi, Mark"]
[Black "Arun, J."]
[Result "1/2-1/2"]
[WhiteElo "1815"]
[BlackElo "2018"]
[EventDate "2011.08.02"]
[PlyCount "116"]

1.e4 c5 2.c3 d5 3.exd5 Qxd5 4.d4 Nf6 5.Nf3 Bg4 6.Be2 Nc6 7.Be3 cxd4 8.cxd4
e6 9.Nc3 Bb4 10.O-O Qa5 11.Qb3 O-O 12.Rac1 Ne7 13.h3 Bf5 14.Rfd1 Rac8 15.
a3 Bxc3 16.bxc3 Ned5 17.c4 Nxe3 18.fxe3 Be4 19.Ne5 Rfd8 20.Bf3 Bxf3 21.
Nxf3 Rb8 22.Qd3 Qa4 23.e4 Nd7 24.c5 Rbc8 25.Rc4 Qa6 26.Qc3 b5 27.Rb4 Nxc5 
28.Re1 Nxe4 29.Qd3 Nd6 30.d5 Nc4 31.Ng5 g6 32.Qf3 Rf8 33.dxe6 fxe6 34.Rxe6
Rxf3 35.Rxa6 Rf5 36.Nf3 Ne3 37.Rb2 Rc1+ 38.Kh2 Nf1+ 39.Kg1 Ne3+ 40.Kh2 
Nf1+ 41.Kg1 Nd2+ 42.Kh2 Nxf3+ 43.gxf3 Rc7 44.Kg3 Rb7 45.Rb4 Rbf7 46.f4 Rc5
47.a4 Rc3+ 48.Kg4 Kg7 49.axb5 h5+ 50.Kh4 Kh6 51.Re6 Rf5 52.b6 axb6 53.
Rexb6 Rf3 54.Re6 Rf7 55.Rd4 Kh7 56.Rc4 Ra7 57.Rcc6 Raa3 58.Rxg6 Rxh3+ 
1/2-1/2

[Event "50th World U20 ch"]
[Site "Chennai IND"]
[Date "2011.08.09"]
[Round "7.2"]
[White "Huschenbeth, Niclas"]
[Black "Hovhannisian, Robert"]
[Result "0-1"]
[WhiteElo "2521"]
[BlackElo "2556"]
[EventDate "2011.08.02"]
[PlyCount "88"]

1.e4 c6 2.d4 d5 3.e5 Bf5 4.Nf3 e6 5.Be2 Ne7 6.O-O Bg6 7.Nh4 c5 8.c3 Nbc6 
9.Be3 cxd4 10.cxd4 Nf5 11.Nxf5 Bxf5 12.Nc3 Be7 13.f4 Bg6 14.a3 O-O 15.b4 
f6 16.Qd2 Qd7 17.g3 Bf5 18.h4 Bh3 19.Rfc1 fxe5 20.fxe5 Rad8 21.Rd1 h6 22.
g4 h5 23.gxh5 Bxh4 24.Kh2 Bf5 25.Rg1 Rf7 26.Nb5 Be7 27.Rg2 Be4 28.Rg3 Rdf8
29.Rag1 Bh4 30.Nd6 Bxg3+ 31.Rxg3 Qd8 32.Bg5 Rf2+ 33.Kg1 Nxd4 34.Qxd4 Rxe2 
35.Bf6 Rxf6 36.exf6 Qxd6 37.f7+ Kxf7 38.Rxg7+ Ke8 39.Rg8+ Kd7 40.Rg7+ Kc6 
41.Qc3+ Kb6 42.Qd4+ Ka6 43.b5+ Kxb5 44.Rxb7+ Kc6 0-1

[Event "50th World U20 ch"]
[Site "Chennai IND"]
[Date "2011.08.09"]
[Round "7.5"]
[White "Swiercz, Dariusz"]
[Black "Piorun, Kacper"]
[Result "1/2-1/2"]
[WhiteElo "2553"]
[BlackElo "2514"]
[EventDate "2011.08.02"]
[PlyCount "60"]

1.d4 Nf6 2.c4 e6 3.Nc3 Bb4 4.e3 O-O 5.Bd3 c5 6.Nf3 d5 7.O-O Nc6 8.a3 Ba5 
9.Ne2 cxd4 10.exd4 dxc4 11.Bxc4 h6 12.Bf4 Bc7 13.Qd2 Bd7 14.Rfe1 Ne7 15.
Ne5 Bc6 16.Ng3 Bxe5 17.dxe5 Qxd2 18.Bxd2 Nfd5 19.Ne4 Nf5 20.Rac1 Rfd8 21.
Ba5 Nb6 22.Nc5 Rd4 23.Bf1 Rd5 24.Bxb6 axb6 25.Nd3 Nd4 26.Nb4 Rc5 27.Nd3 
Rd5 28.Nb4 Rc5 29.Nd3 Rd5 30.Nb4 Rc5 1/2-1/2

[Event "50th World U20 ch"]
[Site "Chennai IND"]
[Date "2011.08.09"]
[Round "7.6"]
[White "Grandelius, Nils"]
[Black "Swayams Mishra"]
[Result "1-0"]
[WhiteElo "2542"]
[BlackElo "2378"]
[EventDate "2011.08.02"]
[PlyCount "91"]

1.Nf3 Nf6 2.c4 e6 3.g3 b6 4.Bg2 Bb7 5.d4 Bb4+ 6.Bd2 Bxd2+ 7.Qxd2 O-O 8.Nc3
d5 9.cxd5 Nxd5 10.O-O Nd7 11.Rfd1 Qe7 12.Nxd5 exd5 13.Rac1 Rac8 14.Rc2 c5 
15.dxc5 Rxc5 16.Rdc1 Rfc8 17.Nd4 Nf6 18.Nf5 Qf8 19.Rxc5 Rxc5 20.Rd1 Bc8 
21.Ne3 Be6 22.b4 Rc7 23.a3 Rd7 24.Qd4 Qc8 25.Qe5 h6 26.Qd4 Qa6 27.Rd3 Rc7 
28.Bxd5 Rc1+ 29.Kg2 Nxd5 30.Nxd5 Qb7 31.e4 Kh7 32.Rd1 Qc8 33.Nf4 Bg4 34.
Rxc1 Qxc1 35.h3 Bc8 36.Nh5 f6 37.g4 Be6 38.a4 Qa3 39.e5 f5 40.Nf4 fxg4 41.
hxg4 Bxg4 42.Qe4+ Kg8 43.e6 Qxa4 44.Ng6 Bh5 45.e7 Qe8 46.Qd5+ 1-0

[Event "50th World U20 ch"]
[Site "Chennai IND"]
[Date "2011.08.09"]
[Round "7.7"]
[White "Lalith Babu, Musunuri Rohit"]
[Black "Matlakov, Maxim"]
[Result "0-1"]
[WhiteElo "2495"]
[BlackElo "2632"]
[EventDate "2011.08.02"]
[PlyCount "57"]

1.Nf3 d5 2.d4 Nf6 3.c4 e6 4.Nc3 dxc4 5.e3 a6 6.a4 b6 7.Bxc4 Bb7 8.O-O Bb4 
9.Ne5 O-O 10.f4 c5 11.Na2 Ba5 12.dxc5 bxc5 13.b3 Qe7 14.Ba3 Rd8 15.Nd3 
Nbd7 16.Qe2 Ne4 17.Rfd1 Nb6 18.Bb2 Nxc4 19.bxc4 f6 20.Nac1 Qc7 21.Nb3 Bb6 
22.Nf2 Nxf2 23.Qxf2 Qc6 24.a5 Ba7 25.Qe2 Rab8 26.Rxd8+ Rxd8 27.Rc1 Rd3 28.
Rc3 Rd1+ 29.Kf2 0-1

[Event "50th World U20 ch"]
[Site "Chennai IND"]
[Date "2011.08.09"]
[Round "7.8"]
[White "Goganov, Alexei"]
[Black "Salgado Lopez, Ivan"]
[Result "0-1"]
[WhiteElo "2489"]
[BlackElo "2626"]
[EventDate "2011.08.02"]
[PlyCount "66"]

1.d4 Nf6 2.c4 g6 3.g3 Bg7 4.Bg2 d5 5.cxd5 Nxd5 6.Nf3 Nb6 7.Nc3 Nc6 8.e3 
O-O 9.O-O Re8 10.Re1 a5 11.b3 e5 12.Nxe5 Nxe5 13.dxe5 Bxe5 14.Bb2 Qe7 15.
Qe2 a4 16.f4 Bg7 17.Rac1 axb3 18.axb3 Qb4 19.Qc2 c6 20.Na4 Nxa4 21.Bxg7 
Kxg7 22.bxa4 Rxa4 23.Rb1 Qa5 24.Qb2+ f6 25.Rbd1 Ra2 26.Qd4 Bg4 27.Rb1 Re7 
28.h3 Rd7 29.Qb4 Qxb4 30.Rxb4 Be2 31.e4 Bb5 32.e5 Rd3 33.exf6+ Kxf6 0-1

[Event "50th World U20 ch"]
[Site "Chennai IND"]
[Date "2011.08.09"]
[Round "7.10"]
[White "Stany, George Anthony"]
[Black "Nabaty, Tamir"]
[Result "0-1"]
[WhiteElo "2435"]
[BlackElo "2584"]
[EventDate "2011.08.02"]
[PlyCount "128"]

1.e4 e5 2.Nf3 Nc6 3.Bb5 Nf6 4.O-O Nxe4 5.d4 Nd6 6.Bxc6 dxc6 7.dxe5 Nf5 8.
Qxd8+ Kxd8 9.Nc3 b6 10.Rd1+ Ke8 11.h3 h6 12.b3 Bb4 13.Bb2 Bxc3 14.Bxc3 c5 
15.Ne1 h5 16.Rd2 Be6 17.Rad1 Ke7 18.Nf3 a5 19.Ng5 a4 20.Nxe6 Kxe6 21.b4 
cxb4 22.Bxb4 h4 23.Rd7 Rhc8 24.R7d3 c5 25.Bc3 b5 26.a3 Rab8 27.Rb1 Rc7 28.
g4 hxg3 29.fxg3 Rd7 30.Rxd7 Kxd7 31.Kf2 Ke6 32.Ba5 Rb7 33.c4 Nd4 34.Bc3 
Nb3 35.cxb5 Kd5 36.Ke3 Kc4 37.Bb2 Na5 38.Bc1 Nb3 39.Bb2 Kxb5 40.Rd1 Na5 
41.Kf4 Kc4 42.Ba1 Nb3 43.Bb2 Nd4 44.Bxd4 cxd4 45.Ke4 Rd7 46.Rc1+ Kb3 47.
Kd3 Kxa3 48.Rc6 Rb7 49.Kxd4 Kb2 50.e6 fxe6 51.Rxe6 a3 52.Re2+ Kb3 53.Re3+ 
Kb4 54.Re8 a2 55.Ra8 Kb3 56.Ke5 Rb6 57.g4 Kb2 58.h4 a1=Q 59.Rxa1 Kxa1 60.
Kf5 Kb2 61.h5 Kc3 62.g5 Kd4 63.g6 Rb5+ 64.Ke6 Rb7 0-1

[Event "50th World U20 ch"]
[Site "Chennai IND"]
[Date "2011.08.09"]
[Round "7.12"]
[White "Sethuraman, Panayapan"]
[Black "Urkedal, Frode"]
[Result "1/2-1/2"]
[WhiteElo "2529"]
[BlackElo "2448"]
[EventDate "2011.08.02"]
[PlyCount "174"]

1.d4 Nf6 2.c4 g6 3.g3 Bg7 4.Bg2 O-O 5.Nc3 d6 6.Nf3 Nc6 7.O-O a6 8.Bf4 Bf5 
9.Qd2 Ne4 10.Nxe4 Bxe4 11.d5 Bxf3 12.exf3 Ne5 13.Rac1 c5 14.dxc6 Nxc6 15.
Be3 Rc8 16.f4 Qa5 17.Qxa5 Nxa5 18.b3 Bb2 19.Rb1 Bc3 20.a3 Nc6 21.b4 Bf6 
22.Rfd1 Nd8 23.Rdc1 Rc7 24.Bb6 Rd7 25.Rd1 Ne6 26.Rd3 Rc8 27.Rc1 Kf8 28.a4 
Ke8 29.Bh3 Bh8 30.a5 f5 31.Rdd1 Bb2 32.Rb1 Bc3 33.Rb3 Bf6 34.Re3 Nd8 35.
Bf1 Nc6 36.b5 Nb8 37.h4 Kf7 38.Bg2 e6 39.c5 d5 40.Bf1 axb5 41.Bxb5 Re7 42.
Ra3 h6 43.Kg2 h5 44.Rd2 Kg7 45.Rc2 Nc6 46.Rd2 Nb8 47.Rc2 Nc6 48.a6 Nd4 49.
axb7 Rxb7 50.Ba6 Rxb6 51.Bxc8 Rb8 52.Ra7+ Kh8 53.Bxe6 Nxc2 54.c6 Bd8 55.c7
Bxc7 56.Rxc7 Nb4 57.Bf7 Rb6 58.Kf3 Rd6 59.Ke3 d4+ 60.Kd2 Na6 61.Rc8+ Kg7 
62.Bc4 Nb4 63.Rc7+ Kh8 64.Rb7 Nd5 65.Kd3 Nc3 66.f3 Nd1 67.Rb1 Ne3 68.Bb5 
Kg7 69.Rb4 Rb6 70.Rb1 Rd6 71.Ba4 Kf6 72.Rb4 Nd5 73.Rxd4 Ke7 74.Bb3 Nb4+ 
75.Kc3 Rxd4 76.Kxd4 Nc6+ 77.Kd5 Nd8 78.Kc5 Nb7+ 79.Kd5 Nd8 80.Ba4 Nf7 81.
Bb5 Kf6 82.Bd7 Ke7 83.Bc8 Kf6 84.Bd7 Ke7 85.Be6 Kf6 86.Bxf7 Kxf7 87.Kd6 
Kf6 1/2-1/2

[Event "50th World U20 ch"]
[Site "Chennai IND"]
[Date "2011.08.09"]
[Round "7.13"]
[White "Martinovic, Sasa"]
[Black "Anwesh, Upadhyaya"]
[Result "1/2-1/2"]
[WhiteElo "2521"]
[BlackElo "2429"]
[EventDate "2011.08.02"]
[PlyCount "82"]

1.d4 d5 2.c4 c6 3.Nf3 Nf6 4.e3 e6 5.b3 Nbd7 6.Bb2 Bd6 7.Bd3 O-O 8.O-O Ne4 
9.Nbd2 f5 10.Ne5 a5 11.a3 Bxe5 12.dxe5 Nxd2 13.Qxd2 Nc5 14.Qc2 Nxd3 15.
Qxd3 b6 16.Rfd1 Ba6 17.Qd4 Qb8 18.cxd5 cxd5 19.a4 Rc8 20.Rdc1 Qa7 21.g4 
fxg4 22.Qxg4 Qf7 23.Bd4 b5 24.axb5 Bxb5 25.f4 Bd3 26.Kf2 Bf5 27.Qe2 Qe7 
28.Kg3 Qe8 29.Kf2 h6 30.Bc5 Rc6 31.Rc3 Kh7 32.Rac1 Qd8 33.Kg3 Qe8 34.Kf2 
Qd8 35.Kg3 g5 36.Qh5 gxf4+ 37.exf4 Rc7 38.Kf2 Bg6 39.Qg4 Bf5 40.Qh5 Bg6 
41.Qg4 Bf5 1/2-1/2

[Event "50th World U20 ch"]
[Site "Chennai IND"]
[Date "2011.08.09"]
[Round "7.14"]
[White "Durarbayli, Vasif"]
[Black "Getz, Nicolai"]
[Result "1-0"]
[WhiteElo "2515"]
[BlackElo "2385"]
[EventDate "2011.08.02"]
[PlyCount "71"]

1.g3 Nf6 2.Bg2 g6 3.b3 Bg7 4.Bb2 d5 5.Nf3 O-O 6.O-O c6 7.d3 Nbd7 8.c4 Re8 
9.Nc3 Nb6 10.cxd5 Nfxd5 11.Rc1 Bg4 12.Nd2 Qd7 13.Nde4 Rad8 14.Qd2 Nxc3 15.
Bxc3 Bxc3 16.Rxc3 Nd5 17.Rc4 Nf6 18.Nc5 Qc8 19.b4 b6 20.Nb3 Rd6 21.Rfc1 
Bd7 22.Nd4 Nd5 23.Nb5 cxb5 24.Rxc8 Rxc8 25.Rxc8+ Bxc8 26.e4 Nc7 27.Qc3 Rd7
28.Bh3 e6 29.Qc6 Kf8 30.d4 Ke7 31.d5 Kd8 32.d6 Na6 33.e5 Nxb4 34.Qe4 Nd5 
35.Qh4+ Ke8 36.Qxh7 1-0

[Event "50th World U20 ch"]
[Site "Chennai IND"]
[Date "2011.08.09"]
[Round "7.15"]
[White "Yanev, Tikhomir"]
[Black "Pap, Gyula"]
[Result "1/2-1/2"]
[WhiteElo "2349"]
[BlackElo "2513"]
[EventDate "2011.08.02"]
[PlyCount "244"]

1.Nf3 g6 2.e4 Bg7 3.d4 d6 4.Nc3 Nf6 5.Bc4 c6 6.e5 dxe5 7.Nxe5 O-O 8.O-O 
Nbd7 9.Bf4 Nb6 10.Bb3 a5 11.a4 Nbd5 12.Bg3 Be6 13.Re1 Qb6 14.Nc4 Qa7 15.
Be5 Rad8 16.Qf3 Nb6 17.Qe2 Nbd7 18.Bf4 Qxd4 19.Bc7 Rc8 20.Bxa5 Qc5 21.Qe3 
Qh5 22.Ne5 Nxe5 23.Qxe5 Qxe5 24.Rxe5 Bxb3 25.cxb3 e6 26.Re2 Nd5 27.Ne4 b6 
28.Be1 Rfd8 29.Rc2 Nf4 30.Bc3 f5 31.Ng5 h6 32.Nf3 Nd3 33.Re2 Nf4 34.Rc2 
Rd5 35.Bxg7 Kxg7 36.g3 Nd3 37.Ne1 Nb4 38.Rc4 c5 39.Nc2 Nd3 40.Ne3 Rd4 41.
Rd1 Rdd8 42.Rc2 Ne5 43.Rxd8 Rxd8 44.f4 Nf3+ 45.Kf2 Nd2 46.b4 cxb4 47.Ke2 
Nb3 48.Rc7+ Kf6 49.Nc4 Nc1+ 50.Ke3 Rd3+ 51.Kf2 Rb3 52.Ke1 e5 53.fxe5+ Ke6 
54.Kd2 Na2 55.Rg7 g5 56.Rg6+ Kd5 57.Nxb6+ Kxe5 58.Kc2 Rf3 59.Nc4+ Kd5 60.
Nd2 b3+ 61.Kd1 Rf2 62.Rxh6 Nb4 63.Rh8 Nc2 64.Rd8+ Kc5 65.Nxb3+ Kb4 66.Rd2 
Ne3+ 67.Ke1 Rf1+ 68.Ke2 f4 69.gxf4 gxf4 70.Nd4 Kxa4 71.Ne6 Rb1 72.Nc5+ Kb5
73.Nd3 Rh1 74.Nxf4 Nc4 75.Rd5+ Kc6 76.Rh5 Nxb2 77.Kf3 Nc4 78.Nd3 Kd6 79.h4
Rh3+ 80.Ke2 Re3+ 81.Kf2 Rxd3 82.Ke2 Rh3 83.Kf2 Ke6 84.Kg2 Ra3 85.Rc5 Ne5 
86.Rc8 Kf5 87.Rb8 Re3 88.Ra8 Rc3 89.Rd8 Kg6 90.Rg8+ Kf5 91.Rd8 Rb3 92.Ra8 
Nd3 93.Rg8 Nf4+ 94.Kf2 Rh3 95.Rh8 Ng6 96.Kg2 Rc3 97.Rh5+ Ke4 98.Rh7 Nf4+ 
99.Kf2 Rc2+ 100.Ke1 Rh2 101.Kd1 Kf5 102.Rf7+ Kg4 103.Rh7 Nh5 104.Rh8 Kxh4 
105.Rg8 Ra2 106.Kc1 Nf6 107.Rg6 Ng4 108.Rg8 Kg3 109.Rf8 Ne5 110.Kb1 Rh2 
111.Kc1 Nd3+ 112.Kd1 Nf4 113.Ra8 Kf3 114.Ra3+ Ke4 115.Ra8 Nd5 116.Ke1 Nc3 
117.Re8+ Kf3 118.Ra8 Rc2 119.Rh8 Ne4 120.Rh3+ Kg2 121.Rb3 Nc3 122.Rb2 Rxb2
1/2-1/2

[Event "50th World U20 ch"]
[Site "Chennai IND"]
[Date "2011.08.09"]
[Round "7.16"]
[White "Krejci, Jan jr"]
[Black "Gireman, Jagadeesan"]
[Result "1/2-1/2"]
[WhiteElo "2503"]
[BlackElo "2084"]
[EventDate "2011.08.02"]
[PlyCount "80"]

1.d4 d5 2.c4 c6 3.Nf3 Nf6 4.e3 e6 5.b3 Nbd7 6.Bb2 Bd6 7.Bd3 O-O 8.O-O b6 
9.Nbd2 Bb7 10.Ne5 c5 11.cxd5 exd5 12.f4 cxd4 13.exd4 Bb4 14.Rc1 Bxd2 15.
Qxd2 Ne4 16.Qb4 a5 17.Qa4 Nxe5 18.fxe5 Qg5 19.Rf3 Qd2 20.Ba3 b5 21.Qxb5 
Ba6 22.Qxd5 Bxd3 23.Rxf7 Kh8 24.h3 Ng5 25.Bxf8 Qxc1+ 26.Kh2 Nxf7 27.Qxa8 
Qf4+ 28.g3 Qf2+ 29.Qg2 Qxg2+ 30.Kxg2 Be4+ 31.Kf2 Bd5 32.Be7 g5 33.h4 gxh4 
34.gxh4 Kg7 35.Kg3 Kg6 36.Kf4 Kh5 37.Bf6 Kg6 38.Be7 Kh5 39.Bf6 Kg6 40.Be7 
Kh5 1/2-1/2

[Event "50th World U20 ch"]
[Site "Chennai IND"]
[Date "2011.08.09"]
[Round "7.18"]
[White "Barbosa, Evandro Amorim"]
[Black "Grover, Sahaj"]
[Result "0-1"]
[WhiteElo "2343"]
[BlackElo "2496"]
[EventDate "2011.08.02"]
[PlyCount "62"]

1.e4 e6 2.d4 d5 3.Nc3 Bb4 4.e5 c5 5.a3 Bxc3+ 6.bxc3 Ne7 7.Qg4 cxd4 8.Qxg7 
Rg8 9.Qxh7 Qc7 10.Ne2 Nbc6 11.f4 dxc3 12.Qd3 d4 13.Rb1 b6 14.Rg1 Bb7 15.g4
O-O-O 16.Qc4 Rd5 17.Rg3 Rgd8 18.h4 Ra5 19.Qd3 Ba6 20.Qh7 Nxe5 21.fxe5 Rxe5
22.Bf4 Bxe2 23.Bxe2 Rxe2+ 24.Kxe2 Qxf4 25.Qd3 Nd5 26.h5 Qe5+ 27.Kf2 Ne3 
28.Rbg1 Qf4+ 29.Ke2 Rd5 30.Qh7 Re5 31.Kd3 Nxc2 0-1

[Event "50th World U20 ch"]
[Site "Chennai IND"]
[Date "2011.08.09"]
[Round "7.19"]
[White "Patil, Pratik"]
[Black "Salem, A. R. Saleh"]
[Result "0-1"]
[WhiteElo "2141"]
[BlackElo "2493"]
[EventDate "2011.08.02"]
[PlyCount "86"]

1.e4 c5 2.c3 d6 3.d4 Nf6 4.Bd3 g6 5.Nf3 Bg7 6.O-O O-O 7.h3 Nfd7 8.Be3 Nc6 
9.Nbd2 a6 10.a3 b5 11.b4 Bb7 12.Rc1 e6 13.Re1 Rc8 14.Qe2 Qe7 15.Bb1 h6 16.
dxc5 dxc5 17.Nb3 cxb4 18.cxb4 Rfd8 19.Nc5 Nxc5 20.Bxc5 Qe8 21.e5 Ne7 22.
Be4 Nd5 23.Qa2 Rd7 24.Qa1 Rdc7 25.Bd6 Rxc1 26.Rxc1 Nf4 27.Rxc8 Qxc8 28.Qe1
g5 29.Qe3 Bxe4 30.Qxe4 Qc1+ 31.Kh2 Nd5 32.Qd3 Qb2 33.Kg1 Nc3 34.Bc5 Ne2+ 
35.Kh1 Bxe5 36.Qd1 Bf6 37.Qd2 Qxd2 38.Nxd2 Bb2 39.Ne4 Bxa3 40.Nf6+ Kg7 41.
Ne8+ Kg6 42.Nc7 a5 43.Nxb5 Bxb4 0-1

[Event "50th World U20 ch"]
[Site "Chennai IND"]
[Date "2011.08.09"]
[Round "7.22"]
[White "Vaibhav, Suri"]
[Black "Rojas Alarcon, Julian Antonio"]
[Result "1-0"]
[WhiteElo "2430"]
[BlackElo "2291"]
[EventDate "2011.08.02"]
[PlyCount "69"]

1.e4 c5 2.Nf3 d6 3.d4 cxd4 4.Nxd4 Nf6 5.Nc3 g6 6.Be3 Bg7 7.f3 Nc6 8.Qd2 
O-O 9.O-O-O d5 10.exd5 Nxd5 11.Nxc6 bxc6 12.Bd4 Nxc3 13.Qxc3 Bh6+ 14.Be3 
Bxe3+ 15.Qxe3 Qb6 16.Qc3 Be6 17.h4 Rfd8 18.Bd3 Rd5 19.h5 Rc5 20.Qe1 Rb8 
21.b3 Bxb3 22.axb3 Qxb3 23.Rh4 Qb2+ 24.Kd2 Rb4 25.Re4 Rxe4 26.fxe4 Rxh5 
27.Qf2 c5 28.Bc4 e6 29.Rf1 Qg7 30.Rb1 Qf8 31.Rb7 Re5 32.Qf4 Qd8+ 33.Kc3 
Qd4+ 34.Kb3 f5 35.Qh6 1-0

[Event "50th World U20 ch"]
[Site "Chennai IND"]
[Date "2011.08.09"]
[Round "7.23"]
[White "Krysa, Leandro"]
[Black "Petenyi, Tamas"]
[Result "1-0"]
[WhiteElo "2374"]
[BlackElo "2398"]
[EventDate "2011.08.02"]
[PlyCount "103"]

1.d4 Nf6 2.c4 e6 3.Nc3 Bb4 4.Qc2 d5 5.a3 Bxc3+ 6.Qxc3 Ne4 7.Qc2 e5 8.cxd5 
Qxd5 9.f3 Nd6 10.dxe5 Qxe5 11.e4 Nc6 12.Ne2 Be6 13.Bf4 Qa5+ 14.Nc3 Nd4 15.
Qf2 Nb3 16.Rd1 O-O-O 17.Bd3 Nc4 18.O-O Ncd2 19.Nd5 Bxd5 20.Rxd2 Bc4 21.Rc2
Bxd3 22.Rxc7+ Qxc7 23.Bxc7 Kxc7 24.Rd1 Bc4 25.Qg3+ Kc6 26.Rxd8 Rxd8 27.
Qxg7 h5 28.Qh6+ Rd6 29.Qxh5 Rd1+ 30.Kf2 Rd2+ 31.Kg3 Rxb2 32.Qh6+ Kb5 33.
Qf6 Ra2 34.h4 Nd2 35.h5 Nf1+ 36.Kf4 Rxg2 37.h6 Rh2 38.h7 Rxh7 39.Qf5+ Ka4 
40.Qc5 a5 41.Qxc4+ Kxa3 42.Qxf1 Rh2 43.Qb5 a4 44.Qxb7 f6 45.Qe7+ Kb3 46.
Qe6+ Kb4 47.Qxf6 a3 48.e5 a2 49.e6 Kb3 50.e7 Re2 51.Qf7+ Kb4 52.Qxa2 1-0

[Event "50th World U20 ch"]
[Site "Chennai IND"]
[Date "2011.08.09"]
[Round "7.24"]
[White "Priyadharshan, Kannappan"]
[Black "Narayanan, Sunilduth Lyna"]
[Result "1/2-1/2"]
[WhiteElo "2376"]
[BlackElo "2233"]
[EventDate "2011.08.02"]
[PlyCount "262"]

1.e4 c5 2.Nf3 d6 3.d4 cxd4 4.Qxd4 Bd7 5.c4 Nc6 6.Qd2 Nf6 7.Nc3 g6 8.b3 Bg7
9.Bb2 O-O 10.Be2 Qa5 11.Rb1 a6 12.a3 Bg4 13.O-O Nd7 14.b4 Qd8 15.Nd5 Bxb2 
16.Rxb2 Rc8 17.Rc1 Bxf3 18.Bxf3 e5 19.Bg4 f5 20.exf5 gxf5 21.Bh3 Nd4 22.
Qh6 Nf6 23.Ne3 Ne4 24.Nxf5 Nxf5 25.Qe6+ Kh8 26.Bxf5 Qg5 27.Re1 Rce8 28.
Qxe8 Rxe8 29.Bxe4 b6 30.Bb7 Re7 31.Bd5 Rc7 32.b5 axb5 33.Rxb5 Qd2 34.Reb1 
e4 35.Rxb6 e3 36.fxe3 Qxe3+ 37.Kh1 Re7 38.h3 Qf2 39.Rb8+ Kg7 40.R8b7 Rxb7 
41.Rxb7+ Kh6 42.Rf7 Qe1+ 43.Kh2 Qe5+ 44.g3 Qb2+ 45.Kg1 Qxa3 46.Kg2 Kg6 47.
Rf2 Qe3 48.h4 Qd3 49.Rf4 Qe2+ 50.Rf2 Qd3 51.Kh3 Qe3 52.Rf4 Qe2 53.Bf3 Qf1+
54.Bg2 Qe2 55.Be4+ Kg7 56.Bf3 Qd3 57.Bd5 Qe2 58.Bg2 Qe6+ 59.Kh2 Qe2 60.Re4
Qd3 61.Rg4+ Kf6 62.Rf4+ Kg7 63.Bd5 Qe2+ 64.Kg1 Qe1+ 65.Kg2 Qe2+ 66.Rf2 Qd3
67.Kh3 Kg6 68.Ra2 Qf1+ 69.Kh2 Qd3 70.Kg2 Qd4 71.Re2 Qd1 72.Re4 Kf5 73.Rf4+
Kg6 74.Bf3 Qd2+ 75.Kh3 Qe3 76.Be4+ Kg7 77.Rg4+ Kh6 78.Bd5 Qe2 79.Rf4 Kg6 
80.Bf3 Qf1+ 81.Bg2 Qd1 82.Kh2 Kg7 83.Bd5 Kg6 84.Re4 Kf5 85.Re7 Kf6 86.Re6+
Kf5 87.Rxd6 Qe2+ 88.Bg2 Qxc4 89.Bh3+ Ke5 90.Rh6 Qc2+ 91.Bg2 Qd3 92.Rb6 Qc2
93.Ra6 Kf5 94.Rc6 Qf2 95.Kh3 Qe3 96.Ra6 Qd3 97.Rc6 Qe3 98.Kh2 Qf2 99.Kh3 
Qe3 100.Ra6 Qd3 101.Ra4 Kf6 102.Rf4+ Kg7 103.Be4 Qd7+ 104.Kg2 Qd2+ 105.Rf2
Qd4 106.Bf3 Qd3 107.Rb2 Qe3 108.Re2 Qa3 109.Be4 Qb4 110.Kf3 Qf8+ 111.Kg2 
Qb4 112.Bf3 Qa3 113.Rd2 Qa4 114.Rb2 Qc4 115.Rb7+ Kf6 116.Rb2 Kg7 117.Kh2 
Qd3 118.Bg2 Qe3 119.Rb7+ Kg6 120.Rb5 Kg7 121.Rg5+ Kf6 122.Rg4 Qe2 123.Re4 
Qb5 124.Rf4+ Kg7 125.Be4 Qe2+ 126.Kh3 Qe1 127.Kh2 Qe2+ 128.Bg2 Qa2 129.Kg1
Qa1+ 130.Bf1 Qc3 131.Kg2 Qd2+ 1/2-1/2

[Event "50th World U20 ch"]
[Site "Chennai IND"]
[Date "2011.08.09"]
[Round "7.27"]
[White "Ramnath Bhuvanesh"]
[Black "Aaron, Deepak"]
[Result "1-0"]
[WhiteElo "2422"]
[BlackElo "2288"]
[EventDate "2011.08.02"]
[PlyCount "125"]

1.e4 e5 2.Nf3 Nc6 3.Bc4 Bc5 4.O-O Nf6 5.d3 d6 6.c3 Bb6 7.Bb3 O-O 8.Nbd2 
Ne7 9.h3 Ng6 10.Nc4 Be6 11.Re1 Re8 12.Ng5 Bxc4 13.Bxc4 Re7 14.Nf3 h6 15.
Bb3 c6 16.Nh2 d5 17.Qf3 Qd6 18.Nf1 Nh4 19.Qe2 Nd7 20.Ne3 Bxe3 21.Bxe3 d4 
22.cxd4 exd4 23.Bd2 Qg6 24.f4 Qg3 25.Rf1 Ng6 26.Rf3 Qh4 27.Qf1 Ree8 28.Re1
Qd8 29.Rg3 Nc5 30.Bd1 Qc7 31.Qf2 Kh7 32.b4 Nd7 33.e5 Rad8 34.Bf3 f5 35.Bh5
Ndf8 36.Rf3 Re7 37.g4 fxg4 38.Bxg4 c5 39.Bf5 c4 40.Rg3 cxd3 41.Qg2 Qc6 42.
Qxc6 bxc6 43.Kh1 a5 44.Reg1 axb4 45.Bxb4 Rf7 46.Rxg6 Nxg6 47.Bxg6+ Kg8 48.
e6 Rb7 49.e7 Ra8 50.Bd6 Rd7 51.Ba3 Rda7 52.Bc5 Rxa2 53.e8=Q+ Rxe8 54.Bxe8 
Rc2 55.Bxd4 d2 56.Rd1 Rc1 57.Bh5 c5 58.Be3 Rc3 59.Rxd2 Rxe3 60.Kg2 g5 61.
f5 Re4 62.f6 Rf4 63.Rd8+ 1-0